000 01568cam a22004574i 4500
003 PE-LiUPU
005 20250731173106.0
008 150623s r 000 0 d
020 _a0802803156
035 _a(Sirsi) i9780802803153
040 _aPE-LiUPU
_bspa
_cPE-LiUPU
_erda
049 _aPRUA
082 0 4 _a270.82
_bQ77
_221
245 0 4 _aThe quiet revolution :
_bthe story of a living faith around the world /
_ceditado por Robin Keeley.
264 1 _aGrand Rapids, Michigan :
_bWm. B. Eerdmans Publishing,
_c1989.
300 _a384 páginas :
_bilustraciones, fotos, gráficos ;
_c22 centímetros
336 _atext
_2rdacontent
337 _aunmediated
_2rdamedia
338 _avolume
_2rdacarrier
504 _aIncluye bibliografía.
505 0 _aChristians in today's world. -In every place. -Faith, thought and action.
526 _aSEG42
526 _aSEG41
526 _aSEG40
526 _aSEG39
526 _aP94
526 _aP87
526 _aP86
526 _aP85
526 _aP77
526 _aP76
526 _aP35
650 0 4 _aCristianismo
_ySiglo XX
_vManuales.
700 1 _aKeeley, Robin,
_eed.
942 _2ddc
_cBOOK
949 _a270.82 Q77
_wDEWEY
_c1
_i49444
_lCCODEBUL1
_mBUL
_r0
_sY
_tBOOK
_u2015-6-24
_xTEOLOGIA
_PP35
_0COMPRA
_o.STAFF. Colección General
994 _aC0
_bPEPRU
596 _a1
999 _a270.82 Q77
_wDEWEY
_c29815
_i49444
_f2021-11-11
_g6
_lCCODEBUL1
_mBUL
_r0
_sY
_tBOOK
_u2015-6-24
_xTEOLOGIA
_PP35
_0COMPRA
_o.STAFF. Colección General
_d29815
980 _81
_gALBERTO SANCHEZ Responsable de Automatización